000
00281nam a22001217a 4500
020
_a
9789502323985
080
_a
342.56 C 629
245
_a
Convención Americana sobre Derechos Humanos
300
_a
1040 p.
650
_x
derechos humanos
945
_a
sa
_d
2015-07-14
999
_c
4103
_d
234607
942
_6
_